Statistics for Baseball juiced up players

Click here to take the quiz!

General Stats

  • This quiz has been taken 19 times
  • The average score is 8 of 23

Answer Stats

Answer% Correct
Barry Bonds
82%
Rogers Clemens
73%
Sammy Sosa
73%
Mark Mcguire
64%
Alex Rodriguez
55%
Jose Canseco
55%
Rafael Palmeiro
55%
Ivan Rodriguez
45%
Jason Giambi
45%
Jeff Bagwell
36%
Juan Gonzalez
36%
Manny Ramirez
36%
Fernando Tatis Jr
27%
David Ortiz
18%
Miguel Tejada
18%
Robinson Cano
18%
Eric Gagne
9%
Gary Sheffield
9%
Nelson Cruz
9%
Bartolo Colon
0%
David Justice
0%
Luis Severino
0%
Troy Glaus
0%

Score Distribution

Percentile by Number Answered

Percent of People with Each Score

Your Score History

You have not taken this quiz